| 000 | 00603nam a2200181Ia 4500 | ||
|---|---|---|---|
| 008 | 210428s9999 xx 000 0 und d | ||
| 020 | _a9781563471964 | ||
| 082 | _a660.04A498 L | ||
| 100 | _aGunter Klingenberg | ||
| 245 | 0 |
_aLiquid Propellant Gun Technology / _cGunter Klingenberg |
|
| 260 |
_bAmerican Institute of Aeronautics and Astronautics _aWashington, DC _c1997 |
||
| 300 | _a461p | ||
| 440 |
_aProgress in astronautics and aeronautics V-175 _9127147 |
||
| 700 |
_aJohn D. Knapton _9127148 |
||
| 700 |
_aWalter F. Morrison _9127149 |
||
| 700 |
_aGloria P. Wren _9127150 |
||
| 942 |
_cBK _2ddc |
||
| 999 |
_c559982 _d559982 |
||